000 00411cam a22000977a 4500
008 180718b-- xxu||||| |||| 00| 0 eng d
082 _aA42x5461 In2
100 _aIndia. Legislative Department
245 _aThe Delhi code containing enactments locally in force in the province of Delhi with a list of enactments extended to that province under section 7 of the Delhi Laws act, 1912
260 _aDelhi
_bThe author
_c--
999 _c487971
_d487971